Database system concepts (Record no. 489)

000 -LEADER
fixed length control field 00571nam a22002297a 4500
001 - CONTROL NUMBER
control field 489
003 - CONTROL NUMBER IDENTIFIER
control field BD-DhUET
008 - FIXED-LENGTH DATA ELEMENTS--GENERAL INFORMATION
fixed length control field 140722b xxu||||| |||| 00| 0 eng d
020 ## - INTERNATIONAL STANDARD BOOK NUMBER
International Standard Book Number 007124476X
040 ## - CATALOGING SOURCE
Transcribing agency 0
Modifying agency BD-DhUET
082 ## - DEWEY DECIMAL CLASSIFICATION NUMBER
Classification number 005.74
Item number SIL/2006
100 ## - MAIN ENTRY--PERSONAL NAME
Personal name Silberschatz, Abraham
245 ## - TITLE STATEMENT
Title Database system concepts
250 ## - EDITION STATEMENT
Edition statement 5th ed.
260 ## - PUBLICATION, DISTRIBUTION, ETC. (IMPRINT)
Place of publication, distribution, etc. Boston
Name of publisher, distributor, etc. McGraw-Hill
Date of publication, distribution, etc. 2006
300 ## - PHYSICAL DESCRIPTION
Extent xxvi,1142p.
Other physical details ill.
504 ## - BIBLIOGRAPHY, ETC. NOTE
Bibliography, etc Includes bibliographies
650 #0 - SUBJECT ADDED ENTRY--TOPICAL TERM
Topical term or geographic name as entry element Database management
700 ## - ADDED ENTRY--PERSONAL NAME
Personal name Korth, Henry F.
700 ## - ADDED ENTRY--PERSONAL NAME
Personal name Sudarshan, S.
942 ## - ADDED ENTRY ELEMENTS (KOHA)
Koha item type General Book
Holdings
Koha renewals Location (home branch) Shelving location Koha date last seen Koha issues (times borrowed) Price effective from Koha item type Copy number Damaged status Piece designation (barcode) Koha full call number Source of classification or shelving scheme Koha normalized classification for sorting Sublocation or collection (holding branch) Lost status Koha date last borrowed Date acquired Not for loan Withdrawn status
 Central Library, BUETCirculation section2014-07-22 2014-07-22General Book1 103320007.74/SIL/2006 007_000000000000000_74SIL2006Central Library, BUET  2014-07-22  
2Central Library, BUETCirculation section2016-12-24 2014-07-22General Book2 103321007.74/SIL/2006 007_000000000000000_74SIL2006Central Library, BUET  2014-07-22  
 Central Library, BUETCirculation section2014-08-25 2014-08-25General Book3 103322005.74 SIL/2006 005_740000000000000_SIL2006Central Library, BUET  2014-08-25  
 Central Library, BUETCirculation section2021-12-1812014-08-25General Book4 103323005.74/SIL/2006 005_000000000000000_74SIL2006Central Library, BUET 2021-12-042014-08-25  
 Central Library, BUETCirculation section2014-08-25 2014-08-25General Book5 103324005.74/SIL/2006 005_000000000000000_74SIL2006Central Library, BUET  2014-08-25  
 Central Library, BUETCirculation section2014-08-25 2014-08-25General Book6 103325005.74/SIL/2006 005_740000000000000_SIL_2006Central Library, BUET  2014-08-25  
 Central Library, BUETCirculation section2017-07-1612014-08-25General Book7 103326005.74/SIL/2006 005_740000000000000_SIL_2006Central Library, BUET 2017-07-012014-08-25  
 Central Library, BUETCirculation section2014-08-25 2014-08-25General Book8 103327005.74/SIL/2006 005_000000000000000_74SIL2006Central Library, BUET  2014-08-25  
 Central Library, BUETCirculation section2014-08-25 2014-08-25General Book9 103328005.74/SIL/2006 005_000000000000000_74SIL2006Central Library, BUET  2014-08-25  
 Central Library, BUETCirculation section2014-08-25 2014-08-25General Book10 103329005.74/SIL/2006 005_000000000000000_74SIL2006Central Library, BUET  2014-08-25  
 Central Library, BUETReading section2015-06-09 2015-06-09Reading Item11 102172005.74/SIL/2006 005_740000000000000_SIL_2006Central Library, BUET  2015-06-09  
 Central Library, BUETReading section2015-06-09 2015-06-09Reading Item12 102554005.74/SIL/2006 005_740000000000000_SIL_2006Central Library, BUET  2015-06-09